000 00314pam a2200145 a 4500
020 _c
041 _aeng
082 _bPAT
100 _aPatil YV ,
_eWagh SA ,
245 _aPryavarn abhyas
_hTextual Documents
250 _a2014.
260 _aDhule :
_bArth Publication .
300 _a136 pg .
930 _a9007
999 _c85913
_d85913